Statistics for Oscar Best Original Screenplay Quiz

Click here to take the quiz!

General Stats

  • This quiz has been taken 19 times
    (18 since last reset)
  • The average score is 41 of 79

Answer Stats

YearWriterStarBest Original Screenplay% Correct
1998Ben AffleckMatt DamonGood Will Hunting
100%
2020Bong Joon-hoSong Kang-hoParasite
93%
2011David SeidlerColin FirthThe King's Speech
93%
2019Nick VallelongaViggo MortensenGreen Book
93%
1997Ethan CoenFrances McDormandFargo
93%
1995Quentin TarantinoJohn TravoltaPulp Fiction
93%
2008Diablo CodyEllen PageJuno
93%
1999Marc NormanGwyneth PaltrowShakespeare in Love
93%
2010Mark BoalJeremy RennerThe Hurt Locker
93%
2012Woody AllenOwen WilsonMidnight in Paris
93%
2013Quentin TarantinoJamie FoxxDjango Unchained
93%
2014Spike JonzeJoaquin PhoenixHer
93%
2015Alejandro G. IñárrituMichael KeatonBirdman
93%
2016Tom McCarthyMark RuffaloSpotlight
93%
2017Kenneth LonerganCasey AffleckManchester by the Sea
93%
2000Alan BallKevin SpaceyAmerican Beauty
93%
2009Dustin Lance BlackSean PennMilk
86%
1996Christopher McQuarrieKevin SpaceyThe Usual Suspects
86%
2005Charlie KaufmanJim CarreyEternal Sunshine of the Spotless Mind
86%
2004Sofia CoppolaBill MurrayLost in Translation
86%
2018Jordan PeeleDaniel KaluuyaGet Out
86%
2007Michael ArndtSteve CarellLittle Miss Sunshine
79%
1983John BrileyBen KingsleyGandhi
79%
1978Woody AllenDiane KeatonAnnie Hall
79%
1989Barry MorrowDustin HoffmanRain Man
79%
1976Frank PiersonAl PacinoDog Day Afternoon
71%
1991Bruce Joel RubinWhoopi GoldbergGhost
71%
1994Jane CampionAnna PaquinThe Piano
71%
1992Callie KhouriSusan SarandonThelma and Louise
64%
1971Francis Ford CoppolaGeorge C. ScottPatton
64%
1975Robert TowneJack NicholsonChinatown
64%
2006Paul HaggisSandra BullockCrash
64%
1988John Patrick ShanleyCherMoonstruck
64%
1990Tom SchulmanRobin WilliamsDead Poets Society
64%
1987Woody AllenMichael CaineHannah and Her Sisters
57%
2001Cameron CroweKate HudsonAlmost Famous
57%
1942Herman J. MankiewiczOrson WellenCitizen Kane
57%
2002Julian FellowesMaggie SmithGosford Park
57%
1979Robert C. JonesJon VoightComing Home
57%
1974David S. WardPaul NewmanThe Sting
57%
1977Paddy ChayefskyPeter FinchNetwork
57%
1984Horton FooteRobert DuvallTender Mercies
57%
1970William GoldmanPaul NewmanButch Cassidy and the Sundance Kid
50%
1969Mel BrooksMel BrooksThe Producers
50%
1955Budd SchulbergMarlon BrandoOn the Waterfront
50%
1968William RoseSidney PoitierGuess Who's Coming to Dinner
50%
2003Pedro AlmodóvarLeonor WatlingTalk to Her
50%
1993Neil JordanJaye DavidsonThe Crying Game
50%
1986William KelleyHarrison FordWitness
50%
1961Billy WilderJack LemmonThe Apartment
50%
1985Robert BentonSally FieldPlaces in the Heart
43%
1957Albert LamorissePascal LamorisseThe Red Balloon
36%
1951Charles BrackettGloria SwansonSunset Boulevard
36%
1981Bo GoldmanMary SteenburgenMelvin and Howard
36%
1966Frederic RaphaelJulie ChristieDarling
36%
1967Claude LelouchAnouk AiméeA Man and a Woman
29%
1972Paddy ChayefskyJordan CharneyThe Hospital
21%
1982Colin WellandBen CrossChariots of Fire
21%
1963Ennio de ConciniMarcello MastroianniDivorce Italian Style
21%
1962William IngeWarren BeattySplendor in the Grass
21%
1960Stanley ShapiroDoris DayPillow Talk
21%
1952Alan Jay LernerGene KellyAn American in Paris
14%
1941Preston SturgesBrain DonlevyThe Great McGinty
14%
1973Jeremy LarnerRobert RedfordThe Candidate
7%
1953T. E. B. ClarkeAlec GuinnessThe Lavender Hill Mob
7%
1959Nedrick YoungSidney PoitierThe Defiant Ones
7%
1980Steve TesichJackie Earle HaleyBreaking Away
7%
1948Sidney SheldonShirley TempleThe Bachelor and the Bobby-Soxer
7%
1947Sydney BoxJames MasonThe Seventh Veil
7%
1943Ring Lardner Jr.Katharine HepburnWoman of the Year
7%
1964James R. WebbJames ArnessHow the West Was Won
7%
1958George WellsDelta BurkeDesigning Woman
0%
1956Sonya LevienEleanor ParkerInterrupted Melody
0%
1965Peter StoneCary GrantFather Goose
0%
1950Robert PiroshVan JohnsonBattleground
0%
1946Richard SchweizerHeinrich GretlerMarie-Louise
0%
1945Lamar TrottiAlexander KnoxWilson
0%
1944Norman KrasnaOlivia de HavillandPrincess O'Rourke
0%
1954Charles BrackettBarbara StanwyckTitanic
0%

Score Distribution

Percentile by Number Answered

Percent of People with Each Score

Your Score History

You have not taken this quiz since the last reset